[Event "De los Reyes op 21st"]
[Site "De los Reyes"]
[Date "2019.12.01"]
[Round "2"]
[White "Perdiguero Herreros, Alejandro"]
[Black "Diaz del Prado, Carlos"]
[Result "1-0"]
[WhiteElo "1675"]
[BlackElo "1286"]
[PlyCount "43"]
[EventDate "2019.11.30"]
[EventType "swiss"]
[EventRounds "9"]
[EventCountry "ESP"]
[SourceTitle "CBM 193 Extra"]
[Source "ChessBase"]
[SourceDate "2020.01.31"]
[SourceVersion "1"]
[SourceVersionDate "2020.01.31"]
[SourceQuality "1"]

1. e4 e5 2. Nf3 Nf6 3. d4 d6 4. dxe5 Nxe4 5. Bc4 Nc6 6. Qd5 Be6 7. Qxe4 d5 8. Bxd5 Bxd5 9. Qg4 Bxf3 10. Qxf3 Nxe5 11. Qxb7 Be7 12. Bf4 Bd6 13. Bxe5 Bxe5 14. Qe4 Qe7 15. Qxa8+ Kd7 16. Qd5+ Bd6+ 17. Kf1 Re8 18. Nc3 Kc8 19. h4 Bb4 20. Qa8+ Kd7 21. Rd1+ Bd6 22. Qxa7 1-0

[Event "Madrid Chamartin op 8th"]
[Site "Madrid"]
[Date "2019.09.15"]
[Round "9"]
[White "Arias Jordan, Juan J"]
[Black "Perdiguero Herreros, Alejandro"]
[Result "0-1"]
[WhiteElo "1857"]
[BlackElo "1545"]
[PlyCount "56"]
[EventDate "2019.09.09"]
[EventType "swiss"]
[EventRounds "9"]
[EventCountry "ESP"]
[SourceTitle "CBM 192 Extra"]
[Source "Chessbase"]
[SourceDate "2019.11.06"]
[SourceVersion "1"]
[SourceVersionDate "2019.11.06"]
[SourceQuality "1"]

1. d4 d5 2. c4 e6 3. g3 dxc4 4. Nc3 Nc6 5. Nf3 Nf6 6. Bg2 Be7 7. 0-0 0-0 8. e4 Bb4 9. Re1 h6 10. Bf4 Ne7 11. Qa4 c5 12. Rad1 Bd7 13. Qc2 Qb6 14. Ne5 cxd4 15. Nxd7 Nxd7 16. Na4 Qa5 17. Rxd4 Bxe1 18. Rxd7 Ng6 19. Bc7 Qb5 20. Qd1 Ba5 21. Bxa5 Qxa5 22. Rxb7 Rab8 23. Rd7 Rb4 24. b3 Rfb8 25. Qd2 Ne5 26. Re7 Rxa4 27. Qd6 Rab4 28. f4 Ng6 0-1

[Event "Madrid Chamartin op 8th"]
[Site "Madrid"]
[Date "2019.09.13"]
[Round "7"]
[White "Palenciano Escolar, Adrian"]
[Black "Perdiguero Herreros, Alejandro"]
[Result "1/2-1/2"]
[WhiteElo "2146"]
[BlackElo "1545"]
[PlyCount "68"]
[EventDate "2019.09.09"]
[EventType "swiss"]
[EventRounds "9"]
[EventCountry "ESP"]
[SourceTitle "CBM 192 Extra"]
[Source "Chessbase"]
[SourceDate "2019.11.06"]
[SourceVersion "1"]
[SourceVersionDate "2019.11.06"]
[SourceQuality "1"]

1. e4 c5 2. Nf3 Nc6 3. d4 cxd4 4. Nxd4 e5 5. Nb5 d6 6. c4 Nf6 7. N1c3 Be7 8. Be2 a6 9. Na3 Nd4 10. Nc2 Nxe2 11. Qxe2 Bg4 12. f3 Be6 13. 0-0 Rc8 14. Ne3 Qc7 15. Ncd5 Nxd5 16. cxd5 Bd7 17. a4 0-0 18. Qd3 b5 19. a5 Bg5 20. Rd1 Bxe3+ 21. Bxe3 Qc2 22. Qxc2 Rxc2 23. Rd2 Rfc8 24. Rad1 f5 25. exf5 Bxf5 26. Ba7 Kf7 27. Kf2 Rxd2+ 28. Rxd2 Rc2 29. Ke3 Rxd2 30. Kxd2 Bb1 31. Ke3 Ba2 32. Bb8 Ke7 33. Ke4 Bb1+ 34. Ke3 Ba2 1/2-1/2

[Event "Tres Cantos op 11th"]
[Site "Tres Cantos"]
[Date "2019.06.30"]
[Round "9"]
[White "Perdiguero Herreros, Alejandro"]
[Black "Antonano Fedz Quincoces, Avelino"]
[Result "0-1"]
[WhiteElo "1559"]
[BlackElo "2083"]
[PlyCount "112"]
[EventDate "2019.06.22"]
[EventType "swiss"]
[EventRounds "9"]
[EventCountry "ESP"]
[SourceTitle "CBM 195 Extra"]
[Source "ChessBase"]
[SourceDate "2020.05.31"]
[SourceVersion "1"]
[SourceVersionDate "2020.05.31"]
[SourceQuality "1"]

1. e4 e5 2. Nf3 Nc6 3. Bc4 Nf6 4. d3 Bc5 5. 0-0 d6 6. Nbd2 0-0 7. c3 a5 8. h3 Be6 9. Bb3 Qb8 10. Nh2 d5 11. exd5 Nxd5 12. Ne4 Be7 13. Ng5 Bxg5 14. Bxg5 f6 15. Be3 Qe8 16. Bc5 Rf7 17. d4 b6 18. Ba3 exd4 19. cxd4 Rd7 20. Re1 Qf7 21. Nf3 Nd8 22. Qe2 c6 23. Qe4 Nc7 24. Bc2 g6 25. b3 Nb5 26. Bb2 Bd5 27. Qe3 Ne6 28. Be4 Nec7 29. a4 Nd6 30. Bxd5 Qxd5 31. Qc3 Ne6 32. Rac1 Rc8 33. b4 axb4 34. Qxb4 b5 35. axb5 Nxb5 36. Qc4 Kf7 37. Kf1 Nf4 38. Re4 Qxc4+ 39. Rxc4 Nd6 40. Rxf4 Nxc4 41. Bc3 Rd5 42. Ke2 g5 43. Rg4 h5 44. Rg3 Nd6 45. Nd2 Nf5 46. Rf3 Nxd4+ 47. Bxd4 Rxd4 48. Ke3 Rd5 49. Ne4 f5 50. Nxg5+ Kg6 51. h4 Re8+ 52. Kf4 Rd4+ 53. Kg3 Re1 54. Rf4 Rxf4 55. Kxf4 c5 56. Nf3 Re4+ 0-1

[Event "Madrid-ch U16"]
[Site "Madrid"]
[Date "2019.03.30"]
[Round "2"]
[White "Perdiguero Herreros, Alejandro"]
[Black "Andrade Sandoval, Bianca"]
[Result "0-1"]
[WhiteElo "1567"]
[BlackElo "1879"]
[PlyCount "44"]
[EventDate "2019.03.30"]
[EventType "swiss"]
[EventRounds "6"]
[EventCountry "ESP"]
[SourceTitle "EXT 2021"]
[Source "ChessBase"]
[SourceDate "2020.10.23"]
[SourceVersion "1"]
[SourceVersionDate "2020.10.23"]
[SourceQuality "1"]

1. e4 c5 2. c3 e6 3. d4 d5 4. e5 Nc6 5. Nf3 Qb6 6. Be2 Nh6 7. Na3 cxd4 8. Nxd4 Nxe5 9. Bf4 Bd6 10. Bxe5 Bxe5 11. Bb5+ Ke7 12. 0-0 Rd8 13. f4 Bxd4+ 14. cxd4 Nf5 15. Kh1 Qxd4 16. Qe2 Kf8 17. g4 Ne3 18. Rf3 Nxg4 19. Bd3 f5 20. h3 Nf6 21. Nb5 Qc5 22. Rc1 Qxc1+ 0-1

[Event "San Sebastian de los Reyes op 20th"]
[Site "San Sebastian"]
[Date "2018.12.05"]
[Round "5"]
[White "Perdiguero Herreros, Alejandro"]
[Black "Camarero Izquierdo, Juan Carlos"]
[Result "0-1"]
[WhiteElo "1635"]
[BlackElo "1922"]
[PlyCount "32"]
[EventDate "2018.12.01"]
[EventType "swiss"]
[EventRounds "9"]
[EventCountry "ESP"]
[SourceTitle "CBM 187 Extra"]
[Source "ChessBase"]
[SourceDate "2018.11.04"]
[SourceVersion "1"]
[SourceVersionDate "2018.11.04"]
[SourceQuality "1"]

1. e4 c5 2. c3 e6 3. d4 d5 4. e5 Nc6 5. Nf3 Qb6 6. Nbd2 Bd7 7. Nb3 cxd4 8. cxd4 Rc8 9. Bd3 Nb4 10. Bb1 Bb5 11. a3 Nc6 12. Ng5 g6 13. Qf3 Nh6 14. Be3 Bc4 15. Nc5 Qxb2 16. Qf6 Qe2# 0-1

[Event "San Sebastian de los Reyes op 20th"]
[Site "San Sebastian"]
[Date "2018.12.01"]
[Round "1"]
[White "Alfaya Marcelo, Roberto"]
[Black "Perdiguero Herreros, Alejandro"]
[Result "1-0"]
[WhiteElo "2166"]
[BlackElo "1635"]
[PlyCount "43"]
[EventDate "2018.12.01"]
[EventType "swiss"]
[EventRounds "9"]
[EventCountry "ESP"]
[SourceTitle "CBM 187 Extra"]
[Source "ChessBase"]
[SourceDate "2018.11.04"]
[SourceVersion "1"]
[SourceVersionDate "2018.11.04"]
[SourceQuality "1"]

1. c4 e5 2. Nc3 Nf6 3. g3 d5 4. cxd5 Nxd5 5. Bg2 Nb6 6. Nf3 Nc6 7. 0-0 Be7 8. d3 0-0 9. Be3 Kh8 10. a3 f5 11. b4 f4 12. Bc1 Bf6 13. Ne4 Be7 14. Bb2 a5 15. b5 Nd4 16. Nxe5 Rf5 17. gxf4 a4 18. Ng3 Rf8 19. e3 Nb3 20. Qh5 Be6 21. Be4 Bg8 22. Ng6# 1-0

[Event "Madrid Chamartin op 7th"]
[Site "Madrid"]
[Date "2018.09.08"]
[Round "8"]
[White "Perdiguero Herreros, Alejandro"]
[Black "Benito Ruiz de Villa, Rafael"]
[Result "1-0"]
[WhiteElo "1614"]
[BlackElo "1654"]
[PlyCount "23"]
[EventDate "2018.09.03"]
[EventType "swiss"]
[EventRounds "9"]
[EventCountry "ESP"]
[SourceTitle "CBM 187 Extra"]
[Source "ChessBase"]
[SourceDate "2018.11.04"]
[SourceVersion "1"]
[SourceVersionDate "2018.11.04"]
[SourceQuality "1"]

1. e4 e5 2. Nf3 Nc6 3. Bc4 Bc5 4. c3 Nf6 5. d4 exd4 6. e5 Qe7 7. cxd4 Bb4+ 8. Bd2 0-0 9. 0-0 Ne4 10. Bxb4 Qxb4 11. Qc2 b5 12. Bd5 1-0

[Event "Madrid Chamartin op 7th"]
[Site "Madrid"]
[Date "2018.09.04"]
[Round "2"]
[White "Perdiguero Herreros, Alejandro"]
[Black "Lobato Lavin, Alvaro"]
[Result "0-1"]
[WhiteElo "1614"]
[BlackElo "1936"]
[PlyCount "72"]
[EventDate "2018.09.03"]
[EventType "swiss"]
[EventRounds "9"]
[EventCountry "ESP"]
[SourceTitle "CBM 187 Extra"]
[Source "ChessBase"]
[SourceDate "2018.11.04"]
[SourceVersion "1"]
[SourceVersionDate "2018.11.04"]
[SourceQuality "1"]

1. e4 c5 2. Nf3 d6 3. c3 Nf6 4. d4 cxd4 5. Qxd4 Nc6 6. Qa4 Bd7 7. Qc2 g6 8. Bg5 Bg7 9. Bd3 0-0 10. Qd2 Ng4 11. h4 h5 12. Na3 a6 13. Nc2 Rc8 14. Ne3 Nxe3 15. Bxe3 Na5 16. Qe2 Rxc3 17. Bd2 Rc8 18. Rb1 Bg4 19. Qe3 Nc4 20. Bxc4 Rxc4 21. Nh2 Bd7 22. f3 e5 23. Qf2 d5 24. exd5 e4 25. b3 Rc2 26. fxe4 Bb5 27. Nf3 Re8 28. Kd1 Rxa2 29. Ng5 f6 30. Nf3 Rxe4 31. Qc5 Bd3 32. Kc1 Rc2+ 33. Qxc2 Bxc2 34. Kxc2 Qxd5 35. Rbd1 Re2 36. Rhe1 Rxg2 0-1

[Event "Pontevedra op-B 6th"]
[Site "Pontevedra"]
[Date "2018.08.09"]
[Round "2"]
[White "Perdiguero Herreros, Alejandro"]
[Black "Portela Medrano, Carmen"]
[Result "1-0"]
[WhiteElo "1511"]
[BlackElo "1277"]
[PlyCount "77"]
[EventDate "2018.08.08"]
[EventType "swiss"]
[EventRounds "9"]
[EventCountry "ESP"]
[SourceTitle "CBM 186 Extra"]
[Source "ChessBase"]
[SourceDate "2018.08.24"]
[SourceVersion "1"]
[SourceVersionDate "2018.08.24"]
[SourceQuality "1"]

1. e4 e5 2. Nf3 Nc6 3. Bc4 Bc5 4. c3 Nf6 5. d4 exd4 6. e5 Ne4 7. Bd5 Nxf2 8. Kxf2 dxc3+ 9. Ke2 cxb2 10. Bxb2 0-0 11. Qb3 Qe7 12. Re1 Bb4 13. Nbd2 a5 14. a3 Bc5 15. h4 d6 16. Ng5 Nxe5 17. Bxe5 Qxe5+ 18. Kf1 Qf4+ 19. Ndf3 c6 20. Bxf7+ Kh8 21. Re4 Qf6 22. Rae1 g6 23. h5 d5 24. Rh4 Rxf7 25. Nxf7+ Qxf7 26. Qc3+ Kg8 27. hxg6 Qxg6 28. Qxc5 Bd7 29. Qd4 Qf7 30. Rf4 Qg6 31. Ne5 Qd6 32. Nxd7 Qxd7 33. Rg4+ Kf8 34. Qf2+ Qf7 35. Rf4 Qxf4 36. Qxf4+ Kg8 37. Re3 b5 38. Rg3+ Kh8 39. Qe5# 1-0

[Event "San Sebastian de los Reyes op 19th"]
[Site "San Sebastian"]
[Date "2017.12.10"]
[Round "9"]
[White "Perdiguero Herreros, Alejandro"]
[Black "Osuna Osuna, Francisco"]
[Result "1/2-1/2"]
[WhiteElo "1313"]
[BlackElo "1565"]
[PlyCount "114"]
[EventDate "2017.12.02"]
[EventType "swiss"]
[EventRounds "9"]
[EventCountry "ESP"]
[SourceTitle "CBM 182 Extra"]
[Source "ChessBase"]
[SourceDate "2018.02.23"]
[SourceVersion "1"]
[SourceVersionDate "2018.02.23"]
[SourceQuality "1"]

1. e4 d5 2. exd5 Qxd5 3. Nc3 Qa5 4. Nf3 Bg4 5. d3 Nc6 6. Be2 Qh5 7. h3 Nf6 8. Be3 e6 9. a3 Bd6 10. Qd2 Bxf3 11. Bxf3 Qg6 12. 0-0-0 Nd7 13. g4 Nde5 14. Be4 f5 15. gxf5 exf5 16. Bxc6+ bxc6 17. Qe2 0-0 18. Rdg1 Qf6 19. Bg5 Qf7 20. f4 Ng6 21. Qf3 Kh8 22. h4 Bc5 23. Rg2 Bd4 24. Qxc6 Be3+ 25. Kb1 Nxf4 26. Rg3 Rae8 27. Rf3 Ng2 28. Bxe3 Rxe3 29. Rxe3 Nxe3 30. Qc5 f4 31. Nd1 Nxd1 32. Rxd1 f3 33. Qxa7 f2 34. Rf1 Qf3 35. Qc5 Kg8 36. Qc4+ Kh8 37. Qe4 Qxe4 38. dxe4 Rf4 39. e5 Kg8 40. Kc1 Kf7 41. Kd2 Ke6 42. Ke3 Kxe5 43. Rxf2 Rxh4 44. Rg2 g6 45. Kf2 Rd4 46. Kg1 Rd1+ 47. Kh2 Re1 48. b4 Ra1 49. Re2+ Kd6 50. Rd2+ Kc6 51. Rd3 Kb5 52. Rc3 Ka4 53. Rxc7 Rxa3 54. Ra7+ Kxb4 55. Rxh7 Rc3 56. Rh4+ Kc5 57. Rg4 Rxc2+ 1/2-1/2

[Event "Madrid Chamartin op 6th"]
[Site "Madrid"]
[Date "2017.09.07"]
[Round "5"]
[White "Enriquez Pastor, Jorge"]
[Black "Perdiguero Herreros, Alejandro"]
[Result "1-0"]
[WhiteElo "1472"]
[BlackElo "1263"]
[PlyCount "117"]
[EventDate "2017.09.04"]
[EventType "swiss"]
[EventRounds "9"]
[EventCountry "ESP"]
[SourceTitle "CBM 180 Extra"]
[Source "ChessBase"]
[SourceDate "2017.10.06"]
[SourceVersion "1"]
[SourceVersionDate "2017.10.06"]
[SourceQuality "1"]

1. e4 c5 2. c4 Nc6 3. Ne2 g6 4. d4 cxd4 5. Nxd4 Bg7 6. Be3 d6 7. Nc3 Nf6 8. Rc1 0-0 9. Be2 Nxd4 10. Bxd4 b6 11. 0-0 Bb7 12. Bf3 Rc8 13. b3 Ne8 14. Bxg7 Nxg7 15. Re1 f5 16. exf5 Bxf3 17. Qxf3 Rxf5 18. Qe4 Rc7 19. Nd5 Re5 20. Qf3 Rf5 21. Qg4 Rd7 22. Qd4 e6 23. Ne3 Rh5 24. Qc3 Rf7 25. f3 Qh4 26. Ng4 Rf4 27. h3 Rhf5 28. Rf1 Kf8 29. Qd3 Ke7 30. Rcd1 Ne8 31. Qd2 h5 32. Qf2 Qxf2+ 33. Nxf2 Ra5 34. Nd3 Rd4 35. Nb4 Rxd1 36. Rxd1 Rc5 37. Nd3 Rf5 38. Kf2 Kf6 39. Nb4 Nc7 40. Rxd6 Ke7 41. Rd2 Rc5 42. g3 a5 43. Nd3 Rg5 44. f4 Rf5 45. Ne5 Rxe5 46. fxe5 b5 47. c5 Na6 48. c6 Kf8 49. Rc2 Nc7 50. a3 Kg7 51. Rc5 Kh6 52. a4 bxa4 53. bxa4 Kg5 54. Rxa5 Nd5 55. Ra7 h4 56. gxh4+ Kxh4 57. c7 Nxc7 58. Rxc7 Kxh3 59. a5 1-0

[Event "Madrid-ch Previa-B"]
[Site "Madrid"]
[Date "2017.02.18"]
[Round "7"]
[White "Perdiguero Herreros, Alejandro"]
[Black "Martinez Pascual, Gonzalo"]
[Result "1/2-1/2"]
[WhiteElo "1409"]
[BlackElo "1493"]
[PlyCount "135"]
[EventDate "2017.02.02"]
[EventType "swiss"]
[EventRounds "9"]
[EventCountry "ESP"]
[SourceTitle "EXT 2018"]
[Source "ChessBase"]
[SourceDate "2017.10.13"]
[SourceVersion "1"]
[SourceVersionDate "2017.10.13"]
[SourceQuality "1"]

1. e4 c6 2. d4 d5 3. e5 c5 4. c3 Nc6 5. Nf3 Bg4 6. Bg5 Qb6 7. h3 Bxf3 8. gxf3 Qxb2 9. Nd2 Qxc3 10. Be3 cxd4 11. Rc1 Qa5 12. Bf4 e6 13. Qb3 Bb4 14. Bd3 Bxd2+ 15. Bxd2 Qb6 16. Bb5 Nge7 17. 0-0 0-0 18. f4 a6 19. Ba4 Qxb3 20. Bxb3 Nf5 21. Kh2 d3 22. Rg1 Ncd4 23. Bd1 Rac8 24. Bh5 Ne2 25. Bxe2 dxe2 26. Rce1 Nd4 27. Rg3 Rc2 28. Be3 Nf5 29. Rf3 Rd8 30. Bb6 Rd7 31. Rd3 Rxa2 32. Kg2 Rb2 33. Ba5 b6 34. Bc3 Rb3 35. Rxe2 d4 36. Red2 Rxc3 37. Rxc3 dxc3 38. Rxd7 h6 39. Rc7 Kf8 40. Rxc3 Ne7 41. Kf1 Nd5 42. Rc4 Ke8 43. Ke2 Kd7 44. Kd2 b5 45. Rc2 Nxf4 46. Ra2 Nd5 47. Rxa6 Nb4 48. Rb6 Nd5 49. Rxb5 Kc6 50. Rb3 f5 51. Ra3 Nf4 52. h4 g5 53. hxg5 hxg5 54. Rg3 g4 55. f3 gxf3 56. Rxf3 Ng6 57. Rd3 Nxe5 58. Rd8 Nc4+ 59. Kd3 Nd6 60. Kd4 Kc7 61. Rf8 Kd7 62. Ke5 Ke7 63. Rg8 Nf7+ 64. Kf4 Kf6 65. Kf3 e5 66. Ra8 Ng5+ 67. Kg3 f4+ 68. Kg4 1/2-1/2

[Event "Madrid-ch Previa-B"]
[Site "Madrid"]
[Date "2017.02.17"]
[Round "6"]
[White "Cortijo Manso, Luis"]
[Black "Perdiguero Herreros, Alejandro"]
[Result "1-0"]
[WhiteElo "1518"]
[BlackElo "1409"]
[PlyCount "72"]
[EventDate "2017.02.02"]
[EventType "swiss"]
[EventRounds "9"]
[EventCountry "ESP"]
[SourceTitle "EXT 2018"]
[Source "ChessBase"]
[SourceDate "2017.10.13"]
[SourceVersion "1"]
[SourceVersionDate "2017.10.13"]
[SourceQuality "1"]

1. Nf3 Nc6 2. d4 e6 3. g3 Nf6 4. Bg2 d5 5. 0-0 Bd6 6. Nbd2 b6 7. c4 0-0 8. Re1 Ba6 9. Qc2 Bb4 10. cxd5 Ne7 11. dxe6 fxe6 12. a3 Bd6 13. Ng5 Nf5 14. Nxe6 Qd7 15. Nxf8 Nxd4 16. Nxd7 Nxc2 17. Nxf6+ gxf6 18. Bxa8 Nxe1 19. Bd5+ Kg7 20. Bc4 Nc2 21. Rb1 Bb7 22. Bd3 Nd4 23. Nc4 Be7 24. Ne3 Bc8 25. Nd5 Bd6 26. Be3 Nb3 27. Bc4 Na5 28. Rc1 Be6 29. Ba2 c6 30. Nc3 Bg4 31. f3 Bh3 32. b4 Nb7 33. Ne4 Be5 34. Bf4 Bd4+ 35. e3 Bb2 36. Rc2 Bxa3 1-0

[Event "Madrid-ch Previa-B"]
[Site "Madrid"]
[Date "2017.02.03"]
[Round "2"]
[White "Perdiguero Herreros, Alejandro"]
[Black "Rodriguez Torres, Manuel"]
[Result "0-1"]
[WhiteElo "1409"]
[BlackElo "1588"]
[PlyCount "52"]
[EventDate "2017.02.02"]
[EventType "swiss"]
[EventRounds "9"]
[EventCountry "ESP"]
[SourceTitle "EXT 2018"]
[Source "ChessBase"]
[SourceDate "2017.10.13"]
[SourceVersion "1"]
[SourceVersionDate "2017.10.13"]
[SourceQuality "1"]

1. e4 c5 2. Nf3 Nc6 3. Bc4 Nf6 4. d3 e6 5. Nc3 Be7 6. Bf4 0-0 7. 0-0 d5 8. exd5 exd5 9. Bb3 Bg4 10. Kh1 Nd4 11. Be5 Nxf3 12. gxf3 Be6 13. Rg1 Bd6 14. Bxf6 Qxf6 15. Bxd5 Qh4 16. Rg3 Bxg3 17. fxg3 Qf6 18. Ne4 Qf5 19. Bb3 Rfd8 20. Qe2 Bxb3 21. axb3 Re8 22. f4 Qd5 23. Rxa7 Rxa7 24. Kg1 Raa8 25. Qg4 Rxe4 26. dxe4 Qd2 0-1